Far from champions, close to midgets international production sharing in central and south America (Registro nro. 31591)

Detalles MARC
000 -LEADER
fixed length control field 00499 a2200145 4500
001 - CONTROL NUMBER
control field ART_34369
005 - DATE AND TIME OF LATEST TRANSACTION
control field 20260410162004.0
008 - FIXED-LENGTH DATA ELEMENTS--GENERAL INFORMATION
fixed length control field 260409a
100 1# - MAIN ENTRY--PERSONAL NAME
Personal name Calfat, Germán
245 10 - TITLE STATEMENT
Title Far from champions, close to midgets international production sharing in central and south America
700 1# - ADDED ENTRY--PERSONAL NAME
Personal name Cassimon, Danny
700 1# - ADDED ENTRY--PERSONAL NAME
Personal name Flôres, Renato G., Jr.
700 1# - ADDED ENTRY--PERSONAL NAME
Personal name Rivas, Ana
773 0# - HOST ITEM ENTRY
Title Revista de economía y estadística
Related parts - Vol. XLIX, Nº 1 (jun. 2011)
Record control number REV34359

No hay ítems disponibles.